000 00437pab a2200145 454500
008 180718b2003 xxu||||| |||| 00| 0 eng d
100 _aNongbri, Natasha
245 _aElephant hunting in late 19th century North-East India: mechanisms of control, contestation and local reactions
260 _c2003
300 _ap.3189-199.
362 _a26 Jul
650 _aWild animals
773 _aEconomic and Political Weekly
909 _a57507
999 _c57507
_d57507